Pokémon - Les attaques de Xatu - Statistiques

Statistiques générales
  • Ce quiz a été pris 15 fois
  • Le résultat moyen est 9 sur 14
Statistiques - réponses
Niveaux Types Noms des attaques % Correct
Niveau 41 Psy Psyko
100%
Départ Évolution Vol Lame d'Air
90%
Niveau 15 Spectre Onde Folie
90%
Départ Vol Picpic
90%
Niveau 55 Psy Prescience
90%
Départ Vol Vent Arrière
70%
Départ Normal Groz'Yeux
60%
Départ Psy Force Ajoutée
50%
Niveau 20 Spectre Ombre Nocturne
50%
Niveau 34 Psy Permuforce
50%
Niveau 34 Psy Permugarde
50%
Niveau 48 Normal Vœu
40%
Niveau 28 Psy Échange Psy
30%
Départ Psy Téléport
30%
Aucun quiz correspondant
Distribution des résultats
% des personnes avec chaque résultat
Percentile par nombre de réponses
Votre historique - résultats
Vous n’avez pas pris ce quiz